000 00741nam a22002657a 4500
001 BR3100043
003 BR-BrBNA
005 20230928082846.0
007 ta
008 230509b bl.||||| |||| 00| 0 por d
040 _aBR-BrBNA
_bpor
_cBiblioteca Nacional de Agricultura
041 _a(Por)
072 _aP40
090 _ P40 BR3100043
110 1 _aMinisterio da Agricultura, Rio de Janeiro, GB (Brasil)
_96904
245 1 _aTabellas para reducao das observacoes psychometricas (Renou)
260 3 _aRio de Janeiro, GB (Brasil):
_c1931.
300 _a29 p.
500 _a19 tables
650 _aPRESSAO ATMOSFERICA
650 _aMETEOROLOGIA
650 _aTERMOMETRO
909 _a202309
_bLucia
_c55
_dLucia Elande
942 _cBK
999 _c10305
_d10305